000
00244nam a2200097Ia 4500
005
20251222114355.0
008
251222s1900||||xx |||||||||||||| ||spa||
082
_a
DVD0040/H31/2002/Ej.2
245
0
_a
Harry Potter y la cámara secreta:
942
_c
DVD
999
_c
1387
_d
1387